00245nam a2200109Ia 4500008004100000041001200041082001100053100002800064245001900092260001600111650000800127221030s9999 xx 000 0 und d aEnglish a105.23 aVikram Singh Jamwal/243 0aE-10B EXCHANGE aJammuc2002 aECE